000 01359nam a2200229Ia 4500
003 Ost
005 20260507075005.0
008 260507s9999||||xx |||||||||||||| ||und||
040 _cfsecg
041 _aara
082 _a381.142
100 _aالصوص، نداء محمد
_eمؤلف
245 0 _aالتجارة الإلكترونية /
_c نداء محمد الصوص
260 _aعمان:
_bمكتبة المجتمع العربي,
_c2008
300 _a165 صفحة؛
_bإيضاحات ؛
_c24 سم
490 _aسلسلة الوجيز في العلوم الادارية
_v6
504 _aبيبليوغرافيا: ص165
520 _aيحتوي هذا الكتاب على: التجارة الخارجية، نظريات التجارة الخارجية، الأساليب النظيرة الحديثة في التجارة الدولية، السياسات التجارية الدولية، السياسات التجارية في حالة الدولة الكبيرة و مظاهر فشل السوق، مزايا و عيوب الحماية التجارية، الإتفاقية العامة للتجارة و التعرفة الجمركية(الجات)، قطاع التجارة الخارجية في الأردن.
653 _aالتجارة الخارجية
653 _aالجات الأردن- تجارة خارجية
942 _cكتاب
999 _c42108
_d42108